Movies of 2006 Quiz Stats

 Plays Quiz Updated Apr 30, 2018

Score 0/16 Timer 06:00
5 Plays Today
% Correct
Happy Feet
93%
Night at the Museum
91.9%
Borat
88.2%
The Devil Wears Prada
81.1%
The Da Vinci Code
78.3%
Blood Diamond
76.1%
Little Miss Sunshine
75%
The Pursuit of Happyness
71.8%
% Correct
Casino Royale
66.5%
The Departed
65.6%
Pan's Labyrinth
49.7%
The Prestige
35.6%
Superman Returns
33.2%
United 93
24.4%
The Illusionist
19.6%
Children of Men
18.8%

You're not logged in!

Compare scores with friends on all Sporcle quizzes.
OR
Log In

Sporcle TV

Today on Sporcle TV


Watch our educational content, quiz creation guides, and fun videos on Sporcle TV.

Show Comments

Extras

Top Quizzes Today


Score Distribution

Your Account Isn't Verified!

In order to create a playlist on Sporcle, you need to verify the email address you used during registration. Go to your Sporcle Settings to finish the process.

Report this User

Report this user for behavior that violates our Community Guidelines.

Details: